Taron Edgerton Filmography - Statistics

General Stats
  • This quiz has been taken 46 times
    41 since last reset
  • The average score is 9 of 27
Answer Stats
Group Year Answer % Correct
Movie 2019 Rocketman
86%
Movie 2015 Eddie the Eagle
79%
Movie 2017 Kingsman: The Golden Circle
79%
Movie 2014 Kingsman: The Secret Service
79%
Movie 2016 Sing
79%
Movie 2021 Sing 2
64%
Movie 2015 Legend
57%
Movie 2018 Robin Hood
57%
Movie 2014 Testament of Youth
57%
Movie 2022 Tetris
57%
Movie 2018 Billionaire Boys Club
50%
Mini-Series 2014 The Smoke
36%
Mini-Series 2018 Watership Down
21%
TV Series 2019-2020 Moominvalley
14%
Web Series 2019 The Dark Crystal: Age of Resistance
14%
Music Video 2019 (I'm Gonna) Love Me Again
7%
TV Series 2013 Inspector Lewis
7%
Short 2012 Pop
7%
TV Series 2020 The Sandman
7%
Movie 2013 Cash Cow
0%
Short 2021 Glimpse
0%
Short 2013 Hereafter
0%
TV Series TBD In With the Devil
0%
Movie TBD Little Shop of Horrors
0%
Short 2017 Love at First Sight
0%
Movie 2012 The Last of the Haussmans
0%
Musical 2018 The War of the Worlds
0%
No matching quizzes found
Score Distribution
Percent of People with Each Score
Percentile by Number Answered
Your Score History
You have not taken this quiz since the last reset